Alphabet Of Geography (A) - Statistics

General Stats
  • This quiz has been taken 59 times
  • The average score is 37 of 56
Answer Stats
Hint Answer % Correct
Country In The Pyrenees Mountains Andorra
98%
2nd Largest Ocean Atlantic
98%
Book Used In Geography Atlas
94%
Became A US State in 1959, Bought Of Russia Alaska
92%
Capital Of Netherlands Amsterdam
92%
Capital Of Greece Athens
92%
Country In South America Argentina
89%
By Volume Of Water, It’s The Largest River Amazon
87%
Capital Of Türkiye Ankara
87%
Country In North Africa Algeria
85%
Capital Of Algeria Algiers
85%
Large Mountain Range In Europe Alps
85%
Most Popular Language In The Middle East Arabic
85%
Country In Central Europe Austria
83%
Country In The Balkans Albania
81%
Capital Of Ethiopia Addis Ababa
79%
Capital City Of New York State Albany
79%
City In Egypt, Had The Largest Library Alexandria
79%
Capital Of Jordan Amman
79%
Most Well Known Concentration Camp In Nazi Germany Auschwitz
79%
3rd Biggest Scottish City Aberdeen
77%
Dutch Language In Africa Afrikaans
77%
Capital Of UAE Abu Dhabi
75%
Country In Southern Africa Angola
75%
Largest City In New Zealand Auckland
75%
Country That Borders The Caspian Sea Azerbaijan
75%
Capital Of Ghana Accra
74%
Capital Of Andorra Andorra La Vella
74%
Capital Of Paraguay Asunción
74%
Country In Oceania Australia
74%
Country In The Caribbean Antigua and Barbuda
72%
Country In Central Asia Afghanistan
70%
Country In Transcontinental Europe Armenia
68%
Biggest City In Flanders Antwerp
66%
Capital Of Nigeria Abuja
64%
City Locating The Taj Mahal Agra
62%
Group Of Islands Terminology Archipelago
62%
Largest Waterfall Angel Falls
58%
Capital Of Madagascar Antananarivo
58%
Mountain Range Stretching From Southern US -> Newfoundland, Canada Appalachian
58%
Turkish Mountain, Legend Says Where Noah’s Ark Landed Ararat
55%
Portuguese Islands In The Atlantic Azores
53%
Worlds Largest Desert Antarctica
51%
Capital Of Eritrea Asmara
51%
Capital Of Samoa Apia
49%
Two Large Cities In Denmark Beginning With ‘Aa’ Aarhus
47%
Capital Of Turkmenistan Ashgabat
47%
The Letter ‘A’ Is What Territory In The ABC Islands? Aruba
45%
Two Large Cities In Denmark Beginning With ‘Aa’ Aalborg
38%
Largest City On The Island Of Corsica Ajaccio
38%
Tallest Mountain In South America’s Largest Mountain Range Aconcagua
36%
Endorheic Lake Russia Destroyed Because Of Cotton Fields Aral Sea
32%
Island With Longest Town Name In The World On It (llanfairpwllgwyngyllgogerychwyrndrobwllllantysiliogogogoch) Anglesey
19%
Worlds Largest Historic Religious Site In The World Angkor Wat
13%
Capital Of Kazakhstan Astana (Nur-Sultan)
13%
Longest Mountain Chain In The World (Not Counting Underwater Ranges) Andes Mountains
9%
No matching quizzes found
Score Distribution
Percent of People with Each Score
Percentile by Number Answered
Your Score History
You have not taken this quiz